| 000 | 00572nam a2200181 a 4500 | ||
|---|---|---|---|
| 001 | 000025092 | ||
| 005 | 20200930023547.0 | ||
| 008 | 110210s1984 dr c 000 0 spa d | ||
| 040 |
_aDO-SdBNP _bspa _cBNPHU |
||
| 082 |
_axxx _bE77p |
||
| 100 | 1 |
_aEspinal, Fulgencio _98374 |
|
| 245 | 1 | 0 |
_aPerredeismo, catorcismo y constitucionalidad / _cFulgencio Espinal. |
| 260 |
_aSanto Domingo _fImpresora Vidal _c1984. |
||
| 300 |
_a192 p. : _bretr. ; _c22 cm. |
||
| 500 | _aIncluye datos biográficos del autor en la contraportada | ||
| 504 | _aBibliografía : 192 | ||
| 049 | _aBNPD | ||
| 999 |
_c24585 _d24585 |
||